000 01413nam1a2200277 i 4500
001 RU\NLR\bibl\734956
005 20240920050349.0
035 _a(NLR Aleph) 000724885
090 _a726028
_c726028
100 _a20050314g20049999u y0rusy50 ca
101 0 _arus
102 _aRU
105 _a||||z |||||
200 1 _aСистема показателей муниципальной статистики в рамках федеральных государственных статистических наблюдений
_eучеб.-метод. пособие
_fВ.И. Дибирдеев, Н.Н. Дербенева
_gЧитин. обл. ком. гос. статистики
210 _aЧита
_cЧитин. обл. ком. гос. статистики
_d2004
215 _d21
463 0 _1001587793
606 0 _aМуниципальные образования
_jУчебно-методические пособия
_xСтатистические исследования
_yРоссийская Федерация
_92367084
_3RU\NLR\auth\661413084
686 _aУ051.9(2)44я7
700 1 _aДибирдеев
_bВ. И.
_f1949-
_gВиктор Измайлович
_4070
701 1 _aДербенева
_bН. Н.
_gНина Николаевна
_4070
801 0 _aRU
_bNLR
_c20050314
_gPSBO
801 1 _aRU
_bNLR
_c20050314
852 _aNLR
_j2004-3/26676
942 _cBOOK